[Event "Campionato Provinciale di Modena 2022"]
[Site "Modena ITA"]
[Date "2021.12.19"]
[Round "5.13"]
[White "Chiavetta, Matteo"]
[Black "Rubini, Alessandro"]
[Result "0-1"]
[WhiteElo "1532"]
[BlackElo "1222"]
[EventDate "2021.12.17"]
[Plycount "58"]

1. c4 e5 2. Nc3 Nf6 3. g3 d5 4. cxd5 Nxd5 5. Bg2 Nxc3 6. bxc3 Bd6 7. d4 O-O 8. e3 c6 9. Ne2 Be6 10. dxe5 Bxe5 11. Qxd8 Rxd8 12. Nd4 Bc4 13. Rb1 Ba6 14. Ba3 Nd7 15. f4 Bf6 16. Kf2 Nb6 17. Bb2 Nc4 18. Ba1 Rd7 19. e4 Rad8 20. e5 Be7 21. Bh3 Rd5 22. Bg2 Ra5 23. Ne2 Rxa2 24. Rhd1 Rad2 25. Rxd2 Rxd2 26. Bf3 Bc5+ 27. Ke1 Be3 28. Bxc6 Na3 29. Rb2 Nc2+ 0-1

[Event "Campionato Provinciale di Modena 2022"]
[Site "Modena ITA"]
[Date "2021.12.19"]
[Round "5.14"]
[White "Ansaloni, Luca"]
[Black "Vaccari, Luigi"]
[Result "0-1"]
[WhiteElo "999"]
[BlackElo "1296"]
[EventDate "2021.12.17"]
[Plycount "61"]

1. e4 c5 2. Nc3 Nc6 3. f4 d6 4. Nf3 g6 5. Bc4 Nf6 6. d3 Bg7 7. O-O O-O 8. Qe1 Nb4 9. Qh4 Qd7 10. f5 Nxc2 11. fxg6 hxg6 12. Bh6 Qg4 13. Bxg7 Qxh4 14. Nxh4 Kxg7 15. Rac1 Ne3 16. Rf2 Nxc4 17. dxc4 Be6 18. b3 Rh8 19. g3 Ng4 20. Re2 Rh5 21. Nd5 Rah8 22. Nxe7 Kf8 23. Nd5 Ne5 24. Rf1 Bh3 25. Rf6 g5 26. Nf5 Bg4 27. Rf2 Bxf5 28. R2xf5 Rxh2 29. Rxd6 Rh1+ 30. Kf2 R8h2+ 31. Ke3 0-1

[Event "Campionato Provinciale di Modena 2022"]
[Site "Modena ITA"]
[Date "2021.12.19"]
[Round "5.15"]
[White "Chiavetta, Giuseppe"]
[Black "Visentini, Alberto"]
[Result "0-1"]
[WhiteElo "999"]
[BlackElo "1350"]
[EventDate "2021.12.17"]
[Plycount "82"]

1. e4 e6 2. d4 d5 3. e5 c5 4. Nf3 Qb6 5. c3 cxd4 6. Qxd4 Ne7 7. Qxb6 axb6 8. Bb5+ Bd7 9. Bxd7+ Nxd7 10. Be3 Ng6 11. O-O Bc5 12. Re1 Ngxe5 13. Bxc5 Nxf3+ 14. gxf3 bxc5 15. Nd2 O-O 16. Red1 Ra6 17. c4 d4 18. f4 g6 19. Ne4 f5 20. Nxc5 Nxc5 21. Rxd4 Nb3 22. Rad1 Nxd4 23. Rxd4 Rxa2 24. b4 Ra4 25. b5 Rc8 26. Rd7 Raxc4 27. b6 Rb8 28. Kg2 Rc6 29. Kg3 Rxb6 30. Kh4 h6 31. Kg3 Rb3+ 32. Kg2 Re8 33. f3 b5 34. Rb7 b4 35. Rb6 Rb2+ 36. Kf1 b3 37. Ke1 Ra8 38. Rd6 Ra1+ 39. Rd1 Rxd1+ 40. Kxd1 Rxh2 41. Kc1 Rf2 0-1